000 00651nam a2200205Ia 4500
001 13727
003 GE_BSU
008 181216s||||||||xx |||||||||||||| ||und||
040 _cGE_BSU
080 _a821.353.1-1
100 _aტაბიძე,გალაქტიონ
245 _aთხზულებანი. ტ.2
245 _cრედ.შ.რადიანი. მხატვ.გრიგოლია და ქუთათელაძე
260 _aთბილისი
260 _bსახელგამი
260 _c1935
300 _a614გვ.18სმ.
653 _aთხზულებანი.
942 _cBK
999 _c46875
_d46875